00575nam a22001457a 4500003000400000005001700004008004100021040001400062100007600076245010100152260001000253300003000263500010900293504002700402OSt20171010095535.0121012t xxu||||| |||| 00| 0 eng d aMMSUcULS aCorpuz, Kristel Cara May, Hernandez, Michael G., Piniera, Bernadeth T.  aAutomated watering system cKristel Cara May Corpuz, Michael G. Fernandez, Bernadeth T. Piniera  c2008  ax, [104] leaves c28 cm.  aThesis (BS Computer Engineering) -- Mariano Marcos State University, College of Engineering, Batac City  aBibliography: leaf 35